• 首页
  • 本馆介绍
  • 公告通知
  • 最新文献
  • 馆藏检索
  • 电子资源
  • 读者导购
  • 参考咨询
  • 我的图书馆
  • 登录
  • 详细信息显示
  • 放入我的书架
  • 预约/预借图书
  • 作者相关作品
  • 分类相关作品
  • 丛书相关作品
  • 出版社相关作品

书目信息

  • 表格格式
  • 工作单格式
  • 卡片格式
题名:
图解千金方
    
 
作者: 张文杰 主编
分册:  
出版信息: 北京   中医古籍出版社  2021.08
页数: 250页
开本: 22cm
丛书名:
单 册:
中图分类: R289.3
科图分类:
主题词:
电子资源:
ISBN: 978-7-5152-2238-7
000 00829nam0 2200253 450
001 CAL 0120217267952
005 20230217093112.0
010    @a978-7-5152-2238-7@dCNY69.00
100    @a20211103d2021 em y0chiy0120 ea
101 0  @achi
102    @aCN@b110000
105    @aa z 000yy
106    @ar
200 1  @a图解千金方@Atu jie qian jin fang@f张文杰主编
205    @a白话彩图典藏版
210    @a北京@c中医古籍出版社@d2021.08
215    @a250页@c彩图@d22cm
330    @a本书按照妇、幼、五官、内、外等科室进行分别介绍, 其中不仅有医学知识理论的讲解, 亦有名方、验方的介绍。内容包括: 妇人方 ; 少小婴孺方。
517 1  @a千金方@Aqian jin fang
605    @a千金方@Aqian jin fang@j图解
690    @aR289.3@v5
701  0 @a张文杰@Azhang wen jie@4主编
801  0 @aCN@bBJXHZP@c20230228
905    @b1400868-71@dR289.3@e631@f4
    
    图解千金方/张文杰主编.-白话彩图典藏版.-北京:中医古籍出版社,2021.08
    250页:彩图;22cm
    
    
    ISBN 978-7-5152-2238-7:CNY69.00
    本书按照妇、幼、五官、内、外等科室进行分别介绍, 其中不仅有医学知识理论的讲解, 亦有名方、验方的介绍。内容包括: 妇人方 ; 少小婴孺方。
●
相关链接 在E读中查询图书 在五车中查询图书 在当当中查询图书 在豆瓣中查询图书


正题名:图解千金方     索取号:R289.3/631         预约/预借

序号 登录号 条形码 馆藏地/架位号 状态 备注
1 1400868   214008688   第二样本阅览室/ [索取号:R289.3/631] 在馆    
2 1400869   214008697   第三借阅区/ [索取号:R289.3/631] 在馆    
3 1400870   214008704   第三借阅区/ [索取号:R289.3/631] 在馆    
4 1400871   214008713   第三借阅区/ [索取号:R289.3/631] 在馆    
唐山师范学院图书馆 欢迎您!
大连网信软件有限公司© 版权所有